| 000 | 00651nam a2200229 i 4500 | ||
|---|---|---|---|
| 001 | bgj | ||
| 100 | 1 | _aHUNT, Irene | |
| 245 | 1 | 0 |
_aAcross five aprils / _cby Irene Hunt. |
| 260 |
_aNew York : _bGrosset & Dunlap, Inc., _c1965= _bA National General Company Publishers. |
||
| 300 |
_a190 pp. ; _c18 cm. |
||
| 650 | 9 | _aFarm life | |
| 651 | 9 |
_aUnited States _xHistory _yCivil War, 1861-1865 |
|
| 651 | 9 |
_aUnited States _xHistory _yCivil War, 1861-1865 |
|
| 651 | 9 | _aIllinois | |
| 655 | _aFiction | ||
| 020 | _a0448047985 | ||
| 040 | _cBPK | ||
| 041 | 0 | _aeng | |
| 920 | _a0-448-04798-5 | ||
| 942 | _cKS | ||
| 008 | s uk f |000 0 eng | ||
| 999 |
_c48386 _d48386 |
||
| 856 |
_uhttp://koha.tu.koszalin.pl/cgi-bin/koha/opac-detail.pl?biblionumber=48386 _yKatalog online BPK |
||